| 000 | 00424cam a22001694a 4500 | ||
|---|---|---|---|
| 005 | 20250605163445.0 | ||
| 008 | 250528s ||||||||||||||||||||||||d | ||
| 035 | _a19632 | ||
| 020 | _a412958000 | ||
| 040 |
_aGR-AtMCL _bgre _dGR-AtMCL _eAACR2 |
||
| 245 | 1 | _aΤΑ ΡΟΥΧΑ ΤΟΥ ΑΥΤΟΚΡΑΤΟΡΑ | |
| 250 | _a1 | ||
| 260 |
_bJumbo Trading Limited, _c2012 |
||
| 942 | _cBK | ||
| 999 |
_c4888 _d4888 |
||